A controlling, mint az eredményes szervezet és vezetés hatékony eszköze a Szerencsejáték Zrt.-nél

Bibliographic Details
Main Author: Dóka Lola
Other Authors: Kresalek Péter
Format: Final Paper
Kulcsszavak:controlling
Szerencsejáték Zrt.
üzemgazdasági menedzser
Online Access:http://dolgozattar.uni-bge.hu/11153

MARC

LEADER 00000nta a2200000 i 4500
001 dolg11153
005 20170512112916.0
008 170512suuuu hu o 000 hun d
040 |a BGE Dolgozattár Repozitórium  |b hun 
041 |a hu 
100 1 |a Dóka Lola 
245 1 2 |a A controlling, mint az eredményes szervezet és vezetés hatékony eszköze a Szerencsejáték Zrt.-nél  |c Dóka Lola  |h [elektronikus dokumentum] 
516 |a Final_paper 
695 |a controlling 
695 |a Szerencsejáték Zrt. 
695 |a üzemgazdasági menedzser 
700 1 |a Kresalek Péter  |e ths 
856 4 0 |u http://dolgozattar.uni-bge.hu/11153/1/D%C3%B3ka%20Lola%20szakdolgozat.pdf  |z Dokumentum-elérés 
856 4 0 |u http://dolgozattar.uni-bge.hu/11153/2/Titkos%C3%ADt%C3%A1si%20k%C3%A9relem.pdf  |z Dokumentum-elérés 
856 4 0 |u http://dolgozattar.uni-bge.hu/11153/3/Nyilatkozat.pdf  |z Dokumentum-elérés